|
|
|
|
| LEADER |
00997nam a2200277 a 4500 |
| 001 |
637 |
| 003 |
BD-DhAAL |
| 005 |
20150415095047.0 |
| 008 |
150415s1997 cau 000 0 eng |
| 010 |
|
|
|a 97021017
|
| 020 |
|
|
|a 0787910635 (acidfree paper)
|
| 040 |
|
|
|a DLC
|c DLC
|d DLC
|d BD-DhAAL
|
| 050 |
0 |
0 |
|a HN90.V64
|b D4 1997
|
| 082 |
0 |
0 |
|a 361.3/7
|2 21
|
| 100 |
1 |
|
|a De Pree, Max.
|9 10356
|
| 245 |
1 |
0 |
|a Leading without power :
|b finding hope in serving community /
|c Max De Pree.
|
| 250 |
|
|
|a 1st ed.
|
| 260 |
|
|
|a San Francisco, Calif. :
|b Jossey-Bass,
|c c1997.
|
| 300 |
|
|
|a xiii, 192 p. ;
|c 21 cm.
|
| 541 |
|
|
|e 637
|
| 650 |
|
0 |
|a Voluntarism
|z United States.
|9 10357
|
| 650 |
|
0 |
|a Nonprofit organizations
|z United States.
|9 10358
|
| 650 |
|
0 |
|a Community development
|z United States.
|9 10359
|
| 942 |
|
|
|2 ddc
|c BK
|
| 999 |
|
|
|c 34222
|d 34222
|
| 952 |
|
|
|0 0
|1 0
|2 ddc
|4 0
|6 361_370000000000000_DEP
|7 0
|9 53431
|a SCL
|b SCL
|c GEN
|d 2015-04-15
|e Gift: The Asia Foundation
|l 0
|o 361.37 DEP
|p 3020000637
|r 2015-04-15
|t 1
|w 2015-04-15
|y BK
|